00233nam a2200085Ia 450000100070000000500170000700800410002424500610006526000210012669116120250826161830.0250824s9999 xx 000 0 und d 0aSEN YOLA ÇIK YOL SANA GÖRÜNÜRcHAKAN MENGÜÇ bDESTEK YAYINLARI